Years of renewal / (Record no. 533413)

000 -LEADER
fixed length control field 01642cam a2200385 a 4500
001 - CONTROL NUMBER
control field 727789
003 - CONTROL NUMBER IDENTIFIER
control field NUST
005 - DATE AND TIME OF LATEST TRANSACTION
control field 20200101111023.0
008 - FIXED-LENGTH DATA ELEMENTS--GENERAL INFORMATION
fixed length control field 980813s1999 nyuab b 001 0aeng
010 ## - LIBRARY OF CONGRESS CONTROL NUMBER
LC control number 98041038
020 ## - INTERNATIONAL STANDARD BOOK NUMBER
International Standard Book Number 0297818945
Terms of availability Rs. 1260
020 ## - INTERNATIONAL STANDARD BOOK NUMBER
International Standard Book Number 9780297818946
Terms of availability Rs. 1260
038 ## - RECORD CONTENT LICENSOR
Staff Name MSOHAIL
040 ## - CATALOGING SOURCE
Original cataloging agency DLC
Transcribing agency DLC
Modifying agency DLC
043 ## - GEOGRAPHIC AREA CODE
Geographic area code n-us---
050 00 - LIBRARY OF CONGRESS CALL NUMBER
Classification number E840.8.K58
Item number A3 1999
082 00 - DEWEY DECIMAL CLASSIFICATION NUMBER
Classification number 973.924092
Author Mark KIS
100 1# - MAIN ENTRY--PERSONAL NAME
Personal name Kissinger, Henry,
Dates associated with a name 1923-
9 (RLIN) 3781
245 10 - TITLE STATEMENT
Title Years of renewal /
Statement of responsibility, etc. Henry Kissinger.
260 ## - PUBLICATION, DISTRIBUTION, ETC.
Place of publication, distribution, etc. New York, NY :
Name of publisher, distributor, etc. Simon & Schuster,
Date of publication, distribution, etc. 1999.
300 ## - PHYSICAL DESCRIPTION
Extent 1151 p. :
Other physical details ill., maps ;
Dimensions 24 cm.
504 ## - BIBLIOGRAPHY, ETC. NOTE
Bibliography, etc. note Includes bibliographical references (p. 1081-1120) and index.
600 10 - SUBJECT ADDED ENTRY--PERSONAL NAME
Personal name Kissinger, Henry,
Dates associated with a name 1923-
9 (RLIN) 3781
650 #0 - SUBJECT ADDED ENTRY--TOPICAL TERM
Topical term or geographic name entry element Cabinet officers
Geographic subdivision United States
General subdivision Biography.
9 (RLIN) 3782
650 #0 - SUBJECT ADDED ENTRY--TOPICAL TERM
Topical term or geographic name entry element Statesmen
Geographic subdivision United States
General subdivision Biography.
9 (RLIN) 3783
651 #0 - SUBJECT ADDED ENTRY--GEOGRAPHIC NAME
Geographic name United States
General subdivision Foreign relations
Chronological subdivision 1969-1974.
9 (RLIN) 3784
651 #0 - SUBJECT ADDED ENTRY--GEOGRAPHIC NAME
Geographic name United States
General subdivision Foreign relations
Chronological subdivision 1974-1977.
9 (RLIN) 3785
856 42 - ELECTRONIC LOCATION AND ACCESS
Materials specified Contributor biographical information
Uniform Resource Identifier <a href="http://www.loc.gov/catdir/bios/simon054/98041038.html">http://www.loc.gov/catdir/bios/simon054/98041038.html</a>
856 41 - ELECTRONIC LOCATION AND ACCESS
Materials specified Sample text
Uniform Resource Identifier <a href="http://www.loc.gov/catdir/samples/simon031/98041038.html">http://www.loc.gov/catdir/samples/simon031/98041038.html</a>
856 42 - ELECTRONIC LOCATION AND ACCESS
Materials specified Publisher description
Uniform Resource Identifier <a href="http://www.loc.gov/catdir/description/simon032/98041038.html">http://www.loc.gov/catdir/description/simon032/98041038.html</a>
856 41 - ELECTRONIC LOCATION AND ACCESS
Materials specified Table of contents only
Uniform Resource Identifier <a href="http://www.loc.gov/catdir/enhancements/fy0707/98041038-t.html">http://www.loc.gov/catdir/enhancements/fy0707/98041038-t.html</a>
906 ## - LOCAL DATA ELEMENT F, LDF (RLIN)
a 7
b cbc
c orignew
d 1
e ocip
f 19
g y-gencatlg
942 ## - ADDED ENTRY ELEMENTS (KOHA)
Source of classification or shelving scheme
Koha item type Book
Holdings
Withdrawn status Lost status Source of classification or shelving scheme Damaged status Not for loan Permanent Location Current Location Date acquired Total Checkouts Full call number Barcode Date last seen Price effective from Koha item type
          School of Civil and Environmental Engineering (SCEE) School of Civil and Environmental Engineering (SCEE) 01/01/2020   973.924092 KIS NIT-8990 01/01/2020 01/01/2020 Book
© 2023 Central Library, National University of Sciences and Technology. All Rights Reserved.